[Event "DEM U10/U10w 2009"]
[Site "Willingen GER"]
[Date "2009.06.02"]
[Round "5"]
[White "Gungl, Theo"]
[Black "Scholz, Robert"]
[Result "1/2-1/2"]
[Termination "normal"]
[Board "3"]
[WhiteElo "1681"]
[BlackElo "1497"]
[PlyCount "127"]
[WhiteFideId "24695653"]
[BlackFideId "1270301"]
[EventCountry "GER"]
[EventRounds "11"]
[EventType "swiss"]
[EventDate "2009.05.30"]

1. d4 d5 2. c4 dxc4 3. Nf3 e6 4. Nc3 Nf6 5. Bg5 h6 6. Bh4 Be7 7. e3 O-O 8. Bxc4
b6 9. O-O Bb7 10. Rc1 Nbd7 11. Bg3 c5 12. Qe2 a6 13. dxc5 b5 14. Bb3 Nxc5 15.
Rfd1 Qb6 16. Be5 Nfd7 17. Bd4 Bf6 18. Bc2 Rac8 19. b4 Bxd4 20. Rxd4 Bxf3 21.
gxf3 Nb7 22. Rxd7 Rxc3 23. Bh7+ Kxh7 24. Rxc3 Nd6 25. Rcc7 Kg8 26. Qc2 Nc4 27.
Qe4 a5 28. Rb7 Qa6 29. Ra7 Qb6 30. bxa5 Nxa5 31. Qg6 Qxa7 32. Rxa7 fxg6 33.
Rxa5 Rb8 34. Ra3 Kf7 35. Kf1 Kf6 36. f4 g5 37. fxg5+ Kxg5 38. Ra5 Kf6 39. Ra3
Ke5 40. Rb3 g5 41. Ke2 Kd5 42. Kd3 e5 43. Rb4 Kc5 44. Kc3 Ra8 45. Rb2 Ra4 46.
f3 Rh4 47. Kd3 Rc4 48. Rc2 Rxc2 49. Kxc2 Kc4 50. a3 h5 51. h3 e4 52. fxe4 g4
53. hxg4 hxg4 54. Kd2 Kc5 55. Ke2 Kd6 56. Kf2 Ke5 57. Kg3 Kxe4 58. Kxg4 Kxe3
59. Kf5 Kd4 60. Ke6 Kc5 61. Ke5 Kc4 62. Kd6 Kb3 63. Kc5 Kxa3 64. Kxb5 1/2-1/2

[Event "DEM U10/U10w 2009"]
[Site "Willingen GER"]
[Date "2009.06.02"]
[Round "5"]
[White "Bachem, Oliver"]
[Black "Baskin, Robert"]
[Result "1/2-1/2"]
[Termination "normal"]
[Board "4"]
[WhiteElo "1349"]
[BlackElo "1697"]
[PlyCount "44"]
[WhiteFideId "12940186"]
[BlackFideId "24662402"]
[EventCountry "GER"]
[EventRounds "11"]
[EventType "swiss"]
[EventDate "2009.05.30"]

1. e4 e6 2. d4 d5 3. Nd2 c5 4. c3 cxd4 5. cxd4 dxe4 6. Nxe4 Bb4+ 7. Nc3 Nf6 8.
a3 Be7 9. Nf3 O-O 10. Be3 b6 11. Be2 Bb7 12. O-O Nbd7 13. Rc1 Rc8 14. Qd3 Nd5
15. Nxd5 Bxd5 16. Rxc8 Qxc8 17. Ng5 Bxg5 18. Bxg5 h6 19. Be3 Qb7 20. f3 Rc8 21.
Rc1 Rxc1+ 22. Bxc1 Qc6 1/2-1/2

[Event "DEM U10/U10w 2009"]
[Site "Willingen GER"]
[Date "2009.06.02"]
[Round "5"]
[White "Litzka, Richard"]
[Black "Ovsepyan, Arshak"]
[Result "0-1"]
[Termination "normal"]
[Board "5"]
[WhiteElo "1330"]
[BlackElo "1863"]
[PlyCount "110"]
[BlackFideId "24690236"]
[EventCountry "GER"]
[EventRounds "11"]
[EventType "swiss"]
[EventDate "2009.05.30"]

1. Nf3 d5 2. d4 Nf6 3. Bf4 g6 4. h3 Bg7 5. e3 Bf5 6. Be2 Nc6 7. c3 O-O 8. O-O
Qd7 9. Bb5 Ne4 10. Nbd2 a6 11. Ba4 Rfe8 12. Rc1 f6 13. c4 dxc4 14. Bxc6 bxc6
15. Qa4 Nxd2 16. Nxd2 e5 17. Bh2 exd4 18. Qxc4+ Be6 19. Qxd4 f5 20. Qxd7 Bxd7
21. b3 Be5 22. Bxe5 Rxe5 23. Nf3 Rd5 24. Rfd1 Rc8 25. Rd4 Be8 26. Rcd1 Rcd8 27.
Kf1 Kg7 28. Ke2 Kf6 29. h4 h6 30. Rc1 R8d6 31. Rcd1 Ke6 32. a3 c5 33. Rxd5 Rxd5
34. Rxd5 Kxd5 35. Nd2 Bb5+ 36. Kd1 c4 37. bxc4+ Bxc4 38. Nxc4 Kxc4 39. Kc2 c5
40. f3 g5 41. hxg5 hxg5 42. g3 g4 43. fxg4 fxg4 44. e4 Kd4 45. Kb3 Kxe4 46. Kc4
Kf3 47. Kxc5 Kxg3 48. a4 Kf3 49. a5 g3 50. Kb6 g2 51. Kxa6 g1=Q 52. Kb7 Qb1+
53. Kc6 Qb8 54. a6 Qa7 55. Kb5 Ke4 0-1

[Event "DEM U10/U10w 2009"]
[Site "Willingen GER"]
[Date "2009.06.02"]
[Round "5"]
[White "Mager, Denis"]
[Black "Kaplun, David"]
[Result "1-0"]
[Termination "normal"]
[Board "6"]
[WhiteElo "1497"]
[BlackElo "1312"]
[PlyCount "57"]
[WhiteFideId "24691127"]
[BlackFideId "12901954"]
[EventCountry "GER"]
[EventRounds "11"]
[EventType "swiss"]
[EventDate "2009.05.30"]

1. Nf3 d5 2. c4 e6 3. e3 Nf6 4. d4 Bd6 5. Nc3 Nbd7 6. Qb3 dxc4 7. Bxc4 a6 8. a4
O-O 9. e4 e5 10. Be3 b6 11. Rd1 Bb7 12. dxe5 Qe7 13. exd6 cxd6 14. Bd5 Nxd5 15.
exd5 Rab8 16. O-O Bc8 17. Rfe1 Qf6 18. Ne4 Qg6 19. Bf4 Nc5 20. Nxc5 Bf5 21.
Nxa6 Bc2 22. Qe3 Bxd1 23. Nxb8 Bxf3 24. Qxf3 h6 25. Nc6 Qc2 26. Ne7+ Kh8 27.
Qc3 Qxa4 28. Bxh6 Qg4 29. h3 1-0

[Event "DEM U10/U10w 2009"]
[Site "Willingen GER"]
[Date "2009.06.02"]
[Round "5"]
[White "Nobis, Anna"]
[Black "Schmekel, Florian"]
[Result "0-1"]
[Termination "normal"]
[Board "7"]
[WhiteElo "1269"]
[BlackElo "1410"]
[PlyCount "96"]
[WhiteFideId "1270302"]
[BlackFideId "12913456"]
[EventCountry "GER"]
[EventRounds "11"]
[EventType "swiss"]
[EventDate "2009.05.30"]

1. e4 c5 2. Nf3 Nc6 3. d4 cxd4 4. Nxd4 g6 5. Nc3 Bg7 6. Be3 Nf6 7. f3 d5 8.
exd5 Nxd5 9. Nxd5 Qxd5 10. Nxc6 Qxc6 11. Bd4 O-O 12. Bxg7 Kxg7 13. Qd2 Bf5 14.
O-O-O Rfd8 15. Qf2 Rxd1+ 16. Kxd1 Qd5+ 17. Qd2 Qxa2 18. Qd4+ Kg8 19. Kd2 Qa5+
20. Kc1 Rc8 21. c3 Qa1+ 22. Kd2 Qxb2+ 23. Kd1 Qc2+ 24. Ke1 Qxc3+ 25. Qd2 Qxd2+
26. Kxd2 Rc2+ 27. Kd1 Rc5 28. g4 Be6 29. Bd3 Rd5 30. Kc2 Kf8 31. Rb1 b6 32. Ra1
Rc5+ 33. Kd2 Rc7 34. Bb5 Kg7 35. Kd3 Kf6 36. Ke4 Rc5 37. Bd3 a5 38. Rb1 Rc6 39.
Bb5 Rd6 40. Rc1 Rd5 41. Ba4 b5 42. Bb3 Re5+ 43. Kf4 Bxb3 44. Rc6+ Be6 45. Ra6
a4 46. h4 g5+ 47. hxg5+ Rxg5 48. Ra8 h5 0-1

[Event "DEM U10/U10w 2009"]
[Site "Willingen GER"]
[Date "2009.06.02"]
[Round "5"]
[White "Rempe, Moritz"]
[Black "Boes, Julian"]
[Result "1/2-1/2"]
[Termination "normal"]
[Board "8"]
[WhiteElo "1362"]
[BlackElo "1186"]
[PlyCount "85"]
[WhiteFideId "12906867"]
[BlackFideId "12907723"]
[EventCountry "GER"]
[EventRounds "11"]
[EventType "swiss"]
[EventDate "2009.05.30"]

1. e4 e5 2. Nf3 Nf6 3. Nxe5 d6 4. Nf3 Nxe4 5. d4 d5 6. Bd3 Bd6 7. O-O O-O 8.
Nbd2 Nf6 9. Nb3 Bg4 10. h3 Bh5 11. Bg5 Nbd7 12. g4 Bg6 13. Nh4 c6 14. f4 Bxd3
15. Qxd3 h6 16. Bxf6 Nxf6 17. Nf5 Ne4 18. Nd2 Re8 19. Rae1 Nxd2 20. Rxe8+ Qxe8
21. Nxd6 Qd7 22. Qxd2 Qxd6 23. Re1 f6 24. a3 Kf7 25. Qe3 Qd7 26. f5 Re8 27.
Qxe8+ Qxe8 28. Rxe8 Kxe8 29. Kf2 Kd7 30. Ke3 Kd6 31. Kf4 b6 32. h4 c5 33. c3
cxd4 34. cxd4 a6 35. g5 h5 36. Ke3 Kc6 37. g6 Kd6 38. Kd3 Kc6 39. Kc3 Kd6 40.
Kb4 Kc6 41. a4 Kd6 42. Kc3 a5 43. b4 1/2-1/2

[Event "DEM U10/U10w 2009"]
[Site "Willingen GER"]
[Date "2009.06.02"]
[Round "5"]
[White "Krüger, David"]
[Black "Peter, Anton"]
[Result "1-0"]
[Termination "normal"]
[Board "9"]
[WhiteElo "1094"]
[BlackElo "1359"]
[PlyCount "189"]
[WhiteFideId "12921858"]
[BlackFideId "12901660"]
[EventCountry "GER"]
[EventRounds "11"]
[EventType "swiss"]
[EventDate "2009.05.30"]

1. d4 d5 2. c4 e6 3. Nc3 Nf6 4. Bg5 Nbd7 5. cxd5 exd5 6. Qb3 c6 7. Nf3 Bd6 8.
e4 dxe4 9. Nxe4 Qa5+ 10. Bd2 Qc7 11. Nxd6+ Qxd6 12. Bc4 O-O 13. O-O Qc7 14. Bb4
c5 15. dxc5 Nxc5 16. Qa3 Nfd7 17. Bb5 Rd8 18. Bxd7 Nxd7 19. Rac1 Qf4 20. Rfe1
Nb6 21. Bd2 Qf6 22. Re5 Qg6 23. Rg5 Qd3 24. Qxd3 Rxd3 25. Bc3 g6 26. Re1 Be6
27. a3 Rad8 28. h4 Nd5 29. Bd2 h5 30. Bc1 Bg4 31. Ne5 Rd4 32. Nxg4 hxg4 33.
Rge5 Kg7 34. b4 Rd3 35. Bb2 Kh7 36. h5 f6 37. hxg6+ Kxg6 38. R5e4 f5 39. Re6+
Kh5 40. Bc1 g3 41. Rh6+ Kg4 42. f3+ Rxf3 43. gxf3+ Kxf3 44. Rf1+ Ke2 45. Re6+
Kd3 46. Rxf5 Kc4 47. Rg5 Nc3 48. Re1 Rd3 49. Rg7 b5 50. Rxa7 Kb3 51. Ra5 Rd5
52. Bf4 Rd3 53. Re3 Rd1+ 54. Kg2 Kc2 55. Be5 Nd5 56. Re2+ Kd3 57. Rb2 Ke4 58.
Bxg3 Ne3+ 59. Kf2 Rf1+ 60. Ke2 Rf3 61. Rb3 Rxg3 62. Rxb5 Rg2+ 63. Ke1 Nc2+ 64.
Kd1 Ne3+ 65. Kc1 Rg1+ 66. Kb2 Rg2+ 67. Ka1 Rg1+ 68. Rb1 Nc2+ 69. Kb2 Rxb1+ 70.
Kxc2 Ra1 71. Kb2 Rd1 72. a4 Rd6 73. a5 Ra6 74. Kc3 Kf4 75. Kc4 Ke4 76. Rc5 Ra8
77. Rc6 Ke5 78. a6 Ra7 79. b5 Kf5 80. Kc5 Ke5 81. Kb6 Rd7 82. Rc7 Rd6+ 83. Kb7
Rd8 84. b6 Kd5 85. a7 Rf8 86. a8=Q Rxa8 87. Kxa8 Ke6 88. b7 Kd6 89. b8=Q Kd5
90. Qb6 Ke5 91. Rc5+ Kd4 92. Qb4+ Kd3 93. Rc3+ Kd2 94. Qb2+ Kd1 95. Rc1# 1-0

[Event "DEM U10/U10w 2009"]
[Site "Willingen GER"]
[Date "2009.06.02"]
[Round "5"]
[White "Wiesner, Paula"]
[Black "Graf, Clara Victoria"]
[Result "1/2-1/2"]
[Termination "normal"]
[Board "10"]
[WhiteElo "1942"]
[BlackElo "1255"]
[PlyCount "156"]
[WhiteFideId "24654019"]
[BlackFideId "1270339"]
[EventCountry "GER"]
[EventRounds "11"]
[EventType "swiss"]
[EventDate "2009.05.30"]

1. e4 c5 2. c3 Nf6 3. e5 Nd5 4. d4 cxd4 5. Nf3 Nc6 6. cxd4 d6 7. Bc4 Nb6 8. Bb5
Bd7 9. Nc3 e6 10. O-O a6 11. Be2 dxe5 12. dxe5 Bc5 13. Ne4 Be7 14. Nd6+ Bxd6
15. Qxd6 Qb8 16. Qxb8+ Rxb8 17. Be3 Nd5 18. Bc5 b5 19. Rfd1 Rc8 20. Rac1 Nf4
21. Bf1 Ng6 22. Bd6 f6 23. exf6 gxf6 24. b4 e5 25. Re1 Kf7 26. Red1 Be6 27. a3
Rhd8 28. Bc5 Rxd1 29. Rxd1 Nf4 30. Be3 Nd5 31. Bc5 Nc3 32. Rc1 Ne4 33. Be3 f5
34. Ng5+ Nxg5 35. Bxg5 Kg6 36. Be3 Nd8 37. Rxc8 Bxc8 38. f3 Nb7 39. Kf2 Nd6 40.
Ke2 Nc4 41. Bc1 a5 42. bxa5 Nxa5 43. Kd3 Ba6 44. Kc2 Nc4 45. Bd3 Kf6 46. Kb3
Nd6 47. Kb4 e4 48. fxe4 fxe4 49. Be2 Ke5 50. a4 Kd4 51. axb5 Bb7 52. Ka5 Nc4+
53. Bxc4 Kxc4 54. Kb6 Bd5 55. Ka6 Kd3 56. b6 e3 57. Ba3 Kc4 58. Bc1 e2 59. Bd2
Kd3 60. Ba5 Bxg2 61. b7 Bxb7+ 62. Kxb7 Ke3 63. h4 Kf2 64. h5 e1=Q 65. Bxe1+
Kxe1 66. h6 Ke2 67. Kc6 Ke3 68. Kd6 Kf4 69. Ke6 Kg5 70. Ke5 Kxh6 71. Kf4 Kh5
72. Kg3 Kg5 73. Kh2 Kh4 74. Kh1 Kg3 75. Kg1 h5 76. Kh1 h4 77. Kg1 h3 78. Kh1 h2
1/2-1/2

[Event "DEM U10/U10w 2009"]
[Site "Willingen GER"]
[Date "2009.06.02"]
[Round "5"]
[White "Reimers, Juri"]
[Black "Oelfke, Nils Lukas"]
[Result "1/2-1/2"]
[Termination "normal"]
[Board "11"]
[WhiteElo "1503"]
[BlackElo "1196"]
[PlyCount "84"]
[WhiteFideId "24661511"]
[EventCountry "GER"]
[EventRounds "11"]
[EventType "swiss"]
[EventDate "2009.05.30"]

1. e4 c5 2. Nc3 Nc6 3. g3 g6 4. Bg2 Bg7 5. d3 d6 6. f4 e6 7. Be3 b6 8. Nge2
Nge7 9. d4 Bb7 10. O-O O-O 11. Qd2 Ba6 12. Rad1 cxd4 13. Nxd4 Nxd4 14. Bxd4
Bxd4+ 15. Qxd4 Bxf1 16. Kxf1 Qc7 17. Rd2 Qc5 18. Qd3 Rad8 19. Qb5 a5 20. Qd3
Rd7 21. e5 d5 22. Ne4 Qc7 23. Nf6+ Kg7 24. Nxd7 Qxd7 25. g4 Rc8 26. c3 Rc4 27.
b3 Rc5 28. Ke2 Qc7 29. Rc2 Nc8 30. Kd2 Ne7 31. Bf1 g5 32. Qg3 Nc6 33. a3 gxf4
34. Qxf4 Qxe5 35. Qxe5+ Nxe5 36. Be2 Kg6 37. Rc1 Kg5 38. Rf1 Rc7 39. Rf2 Nxg4
40. Rg2 h5 41. h3 f5 42. hxg4 hxg4 1/2-1/2

[Event "DEM U10/U10w 2009"]
[Site "Willingen GER"]
[Date "2009.06.02"]
[Round "5"]
[White "Scheinhütte, Jakob"]
[Black "Kollars, Dmitrij"]
[Result "1/2-1/2"]
[Termination "normal"]
[Board "12"]
[WhiteElo "1174"]
[BlackElo "1465"]
[PlyCount "48"]
[WhiteFideId "24693944"]
[BlackFideId "12909572"]
[EventCountry "GER"]
[EventRounds "11"]
[EventType "swiss"]
[EventDate "2009.05.30"]

1. e4 c5 2. Nf3 d6 3. Bb5+ Bd7 4. Bxd7+ Qxd7 5. O-O Nf6 6. e5 dxe5 7. Nxe5 Qc7
8. Re1 Nc6 9. Nxc6 Qxc6 10. d3 e6 11. Bg5 Be7 12. Nc3 O-O 13. Re2 Rfe8 14. Qd2
a6 15. Rae1 Rad8 16. Qc1 b5 17. f4 c4 18. dxc4 Qxc4 19. f5 Qc5+ 20. Kh1 Qxf5
21. Bxf6 Qxf6 22. Rf1 Qg5 23. Qe1 Qh5 24. Re3 Rf8 1/2-1/2

[Event "DEM U10/U10w 2009"]
[Site "Willingen GER"]
[Date "2009.06.02"]
[Round "5"]
[White "Hemprich, Iustus"]
[Black "Flüchter, Gregor"]
[Result "1/2-1/2"]
[Termination "normal"]
[Board "13"]
[WhiteElo "1420"]
[BlackElo "1226"]
[PlyCount "56"]
[BlackFideId "12903396"]
[EventCountry "GER"]
[EventRounds "11"]
[EventType "swiss"]
[EventDate "2009.05.30"]

1. e4 c5 2. Nf3 d6 3. Bb5+ Bd7 4. Bxd7+ Qxd7 5. O-O Nc6 6. c3 Nf6 7. Qc2 Rc8 8.
Re1 g6 9. Qd1 Bg7 10. d4 cxd4 11. cxd4 Nb4 12. Nc3 O-O 13. a3 Nc6 14. Be3 b6
15. Qd2 Rfd8 16. b4 e6 17. Rac1 Ng4 18. Bg5 Nf6 19. Qe2 Re8 20. Red1 Qb7 21.
Nb5 Qb8 22. Bf4 e5 23. Nxd6 exf4 24. Nxe8 Nxe8 25. Qb5 Nxd4 26. Nxd4 Rxc1 27.
Rxc1 Bxd4 28. Qd7 Qe5 1/2-1/2

[Event "DEM U10/U10w 2009"]
[Site "Willingen GER"]
[Date "2009.06.02"]
[Round "5"]
[White "Gschnitzer, Adrian"]
[Black "Spitzl, Vinzent"]
[Result "1/2-1/2"]
[Termination "normal"]
[Board "14"]
[WhiteElo "1253"]
[BlackElo "1382"]
[PlyCount "33"]
[WhiteFideId "1270337"]
[BlackFideId "12901253"]
[EventCountry "GER"]
[EventRounds "11"]
[EventType "swiss"]
[EventDate "2009.05.30"]

1. e4 e5 2. Nc3 Nc6 3. Nf3 Bc5 4. Nxe5 Nxe5 5. d4 Bxd4 6. Qxd4 Qf6 7. Nb5 Kd8
8. Qc5 Nh6 9. Bxh6 gxh6 10. Qxc7+ Ke7 11. O-O-O Nc6 12. Bc4 Rg8 13. e5 Qf4+ 14.
Kb1 Qxc4 15. Qd6+ Kd8 16. Qf6+ Ne7 17. Nd6 1/2-1/2

[Event "DEM U10/U10w 2009"]
[Site "Willingen GER"]
[Date "2009.06.02"]
[Round "5"]
[White "Baberz, Alexander"]
[Black "Schulte, Felix"]
[Result "0-1"]
[Termination "normal"]
[Board "15"]
[WhiteElo "1268"]
[BlackElo "1179"]
[PlyCount "38"]
[WhiteFideId "12921734"]
[BlackFideId "12914800"]
[EventCountry "GER"]
[EventRounds "11"]
[EventType "swiss"]
[EventDate "2009.05.30"]

1. d4 f5 2. c4 Nf6 3. Nc3 g6 4. Nf3 Bg7 5. e3 O-O 6. Bd3 d6 7. O-O Qe8 8. Qe2
e5 9. dxe5 dxe5 10. e4 f4 11. b3 c6 12. Bb2 Bg4 13. h3 Be6 14. Rad1 Na6 15. a3
Nc5 16. Bc2 h6 17. Rd2 g5 18. Nh2 h5 19. f3 Qg6 {Aufgabe bei Krankheit von Weiß
} 0-1

[Event "DEM U10/U10w 2009"]
[Site "Willingen GER"]
[Date "2009.06.02"]
[Round "5"]
[White "Weis, Olga"]
[Black "Petrashov, Alexander"]
[Result "0-1"]
[Termination "normal"]
[Board "16"]
[WhiteElo "1222"]
[BlackElo "1613"]
[PlyCount "60"]
[WhiteFideId "1270234"]
[BlackFideId "24662461"]
[EventCountry "GER"]
[EventRounds "11"]
[EventType "swiss"]
[EventDate "2009.05.30"]

1. e4 d6 2. d4 Nf6 3. Nc3 g6 4. Nf3 Bg7 5. Be3 Nbd7 6. Bd3 c6 7. Qd2 h6 8.
O-O-O b5 9. a3 a5 10. d5 b4 11. Nb1 c5 12. Bb5 Nxe4 13. Qd3 Nef6 14. Bc6 Rb8
15. Nbd2 Bb7 16. Nc4 Qc7 17. Bxd7+ Nxd7 18. Rhe1 O-O 19. Qd2 Ba6 20. b3 Bxc4
21. bxc4 bxa3 22. c3 Qb6 23. Qc2 Qb2+ 24. Qxb2 axb2+ 25. Kc2 a4 26. Nd2 Rb7 27.
Nb1 Rfb8 28. Na3 Rb3 29. Nb5 Ne5 30. Rb1 Nxc4 0-1

[Event "DEM U10/U10w 2009"]
[Site "Willingen GER"]
[Date "2009.06.02"]
[Round "5"]
[White "Hutton, Jim"]
[Black "Dürr, Florian"]
[Result "0-1"]
[Termination "normal"]
[Board "17"]
[WhiteElo "1167"]
[BlackElo "1649"]
[PlyCount "96"]
[BlackFideId "24659134"]
[EventCountry "GER"]
[EventRounds "11"]
[EventType "swiss"]
[EventDate "2009.05.30"]

1. e4 e6 2. d4 d5 3. exd5 exd5 4. Nf3 Bd6 5. Nc3 c6 6. Bd3 Ne7 7. O-O h6 8. Re1
O-O 9. Ne2 Qc7 10. g3 Bf5 11. Be3 Nd7 12. Qd2 Nb6 13. Nf4 Be4 14. Bxe4 dxe4 15.
Nh4 g5 16. Nfg2 f6 17. Rac1 Nc4 18. Qe2 Nxe3 19. Qxe3 Nd5 20. Qxe4 gxh4 21.
Nxh4 Rf7 22. Qg6+ Rg7 23. Qxh6 Rh7 24. Qg6+ Qg7 25. Re8+ Rxe8 26. Qxe8+ Bf8 27.
c4 Nb6 28. Kf1 Qf7 29. Qxf7+ Rxf7 30. c5 Nd5 31. Rb1 Kh7 32. b4 Kh6 33. a4 a6
34. b5 axb5 35. axb5 Nc3 36. Rb3 Nxb5 37. Ke2 Nxd4+ 38. Ke3 Nxb3 39. Nf5+ Kg5
40. Ke4 Nxc5+ 41. Kd4 Kxf5 42. h4 b6 43. Ke3 Rd7 44. f4 Rd3+ 45. Kf2 Kg4 46. h5
b5 47. h6 Bxh6 48. f5 b4 0-1

[Event "DEM U10/U10w 2009"]
[Site "Willingen GER"]
[Date "2009.06.02"]
[Round "5"]
[White "Reuker, Jari"]
[Black "Greßmann, Moritz"]
[Result "0-1"]
[Termination "normal"]
[Board "18"]
[WhiteElo "1147"]
[BlackElo "1500"]
[PlyCount "74"]
[WhiteFideId "12909300"]
[BlackFideId "24695084"]
[EventCountry "GER"]
[EventRounds "11"]
[EventType "swiss"]
[EventDate "2009.05.30"]

1. e4 e5 2. Nf3 Nc6 3. d4 exd4 4. Nxd4 Bc5 5. Be3 Qf6 6. Nb5 Bxe3 7. fxe3 Qd8
8. Nd2 Nf6 9. Nf3 Nxe4 10. Bc4 O-O 11. Qd3 Nf6 12. O-O-O a6 13. Nc3 b5 14. Bb3
Rb8 15. Rhf1 h6 16. Rg1 d6 17. h3 Nb4 18. Qe2 c5 19. Nd5 Nbxd5 20. Bxd5 a5 21.
Bc6 b4 22. Ba4 Qb6 23. g4 Ba6 24. Qh2 d5 25. h4 c4 26. b3 Qxe3+ 27. Nd2 c3 28.
g5 cxd2+ 29. Rxd2 Ne4 30. gxh6 Qxh6 31. Rgg2 Nxd2 32. Rxd2 d4 33. Kd1 Qh5+ 34.
Ke1 Rbd8 35. Qf4 d3 36. Qc7 dxc2 37. Rxd8 Qe2# 0-1

[Event "DEM U10/U10w 2009"]
[Site "Willingen GER"]
[Date "2009.06.02"]
[Round "5"]
[White "Riehle, Marco"]
[Black "Kempe, Anne"]
[Result "1-0"]
[Termination "normal"]
[Board "19"]
[WhiteElo "1442"]
[BlackElo "1168"]
[PlyCount "73"]
[WhiteFideId "12904392"]
[BlackFideId "12918083"]
[EventCountry "GER"]
[EventRounds "11"]
[EventType "swiss"]
[EventDate "2009.05.30"]

1. e4 d6 2. Bc4 Nf6 3. Nc3 g6 4. d3 Bg7 5. Bd2 O-O 6. f4 c6 7. Nf3 b5 8. Bb3 b4
9. Ne2 Qb6 10. Qc1 Nbd7 11. Be3 Qb7 12. O-O Ng4 13. d4 Nxe3 14. Qxe3 c5 15. Bd5
Qb8 16. Bxa8 Qxa8 17. Rab1 cxd4 18. Nexd4 Nf6 19. Rfe1 Bb7 20. e5 Nd5 21. Qd2
dxe5 22. Nxe5 Rd8 23. Rbd1 a5 24. Nb3 Rc8 25. Nd7 Rc7 26. Ndc5 Bc6 27. Nd4
Bxd4+ 28. Qxd4 e6 29. Kh1 Rc8 30. Qe5 Rd8 31. Ne4 Rc8 32. Rd2 Rd8 33. Red1 Rc8
34. Nf6+ Nxf6 35. Qxf6 h5 36. Rd8+ Kh7 37. Qh8# 1-0

[Event "DEM U10/U10w 2009"]
[Site "Willingen GER"]
[Date "2009.06.02"]
[Round "5"]
[White "Fieberg, Samuel"]
[Black "Essler, Oskar"]
[Result "0-1"]
[Termination "normal"]
[Board "20"]
[WhiteElo "1125"]
[BlackElo "1341"]
[PlyCount "58"]
[WhiteFideId "12901717"]
[BlackFideId "12918024"]
[EventCountry "GER"]
[EventRounds "11"]
[EventType "swiss"]
[EventDate "2009.05.30"]

1. e4 e6 2. d4 d5 3. exd5 exd5 4. Nf3 Bd6 5. Bd3 Ne7 6. O-O Nbc6 7. Bg5 f6 8.
Bh4 Bg4 9. Nbd2 Nxd4 10. c3 Nxf3+ 11. Nxf3 O-O 12. Bg3 Be5 13. Re1 Qd6 14. Be2
Nf5 15. Qb3 Nxg3 16. hxg3 b6 17. Rad1 c6 18. c4 Rad8 19. Kh2 Rfe8 20. Rh1 Bxg3+
21. fxg3 Rxe2 22. Qd3 Rde8 23. Kg1 g6 24. cxd5 Qxg3 25. Rh2 Qf2+ 26. Kh1 Re1+
27. Rxe1 Rxe1+ 28. Nxe1 Qxe1+ 29. Qf1 Qxf1# 0-1

[Event "DEM U10/U10w 2009"]
[Site "Willingen GER"]
[Date "2009.06.02"]
[Round "5"]
[White "Pallas, Sebastian"]
[Black "Hermann, Tobias"]
[Result "1-0"]
[Termination "normal"]
[Board "21"]
[WhiteElo "1334"]
[BlackElo "1161"]
[PlyCount "129"]
[WhiteFideId "12905453"]
[BlackFideId "12903701"]
[EventCountry "GER"]
[EventRounds "11"]
[EventType "swiss"]
[EventDate "2009.05.30"]

1. d4 d5 2. c4 e6 3. Nc3 Nf6 4. Bg5 Be7 5. e3 O-O 6. Nf3 h6 7. Bh4 Ne4 8. Bxe7
Qxe7 9. Nxe4 dxe4 10. Nd2 e5 11. d5 Bf5 12. Be2 Nd7 13. Qc2 Nc5 14. O-O Rad8
15. Rfd1 a5 16. Nf1 b6 17. Ng3 Bd7 18. Nxe4 Nxe4 19. Qxe4 Qg5 20. Qf3 f5 21.
Qg3 Qf6 22. Bh5 Kh7 23. Rf1 g6 24. Be2 Be8 25. b3 g5 26. f4 exf4 27. exf4 Rg8
28. Qf2 g4 29. g3 Bd7 30. Rad1 Rde8 31. Rfe1 Re7 32. Qd4 Qxd4+ 33. Rxd4 Rge8
34. Kf2 h5 35. Rdd1 Kg6 36. Bd3 Rxe1 37. Rxe1 Rxe1 38. Kxe1 Kf6 39. Ke2 Ke7 40.
Ke3 Kd6 41. Kd4 Bc8 42. a3 Bd7 43. b4 axb4 44. axb4 Bc8 45. c5+ bxc5+ 46. bxc5+
Ke7 47. Ke5 Kf7 48. Bxf5 Bb7 49. d6 cxd6+ 50. cxd6 Bc6 51. Be6+ Kg6 52. d7 Bxd7
53. Bxd7 Kg7 54. f5 Kf7 55. f6 Kf8 56. Ke6 Kg8 57. f7+ Kf8 58. Bc6 h4 59. gxh4
g3 60. hxg3 Kg7 61. Ke7 Kh7 62. Be4+ Kh6 63. f8=Q+ Kh5 64. Qf5+ Kh6 65. Qg6#
1-0

[Event "DEM U10/U10w 2009"]
[Site "Willingen GER"]
[Date "2009.06.02"]
[Round "5"]
[White "von Reppert, Marc"]
[Black "Fabiunke, Jakob"]
[Result "1/2-1/2"]
[Termination "normal"]
[Board "22"]
[WhiteElo "1111"]
[BlackElo "1289"]
[PlyCount "42"]
[WhiteFideId "12918130"]
[BlackFideId "24686085"]
[EventCountry "GER"]
[EventRounds "11"]
[EventType "swiss"]
[EventDate "2009.05.30"]

1. d4 d5 2. c4 e6 3. Nc3 Nf6 4. Bg5 Nc6 5. e3 Bb4 6. Nf3 h6 7. Bh4 Bd7 8. Bd3
Qe7 9. O-O g5 10. Bg3 Bd6 11. Ne5 h5 12. Nxc6 Bxc6 13. Bxd6 cxd6 14. cxd5 Nxd5
15. Nxd5 Bxd5 16. Bb5+ Bc6 17. Bxc6+ bxc6 18. Qa4 Qd7 19. Rac1 Rc8 20. Rc2 h4
21. e4 g4 1/2-1/2

[Event "DEM U10/U10w 2009"]
[Site "Willingen GER"]
[Date "2009.06.02"]
[Round "5"]
[White "Schamschurko, André"]
[Black "Berdin, Victoria"]
[Result "0-1"]
[Termination "normal"]
[Board "23"]
[WhiteElo "1282"]
[BlackElo "1137"]
[PlyCount "68"]
[WhiteFideId "24695670"]
[EventCountry "GER"]
[EventRounds "11"]
[EventType "swiss"]
[EventDate "2009.05.30"]

1. e4 e5 2. Nf3 Nc6 3. Bb5 Nf6 4. d3 d6 5. d4 Bd7 6. Nc3 a6 7. Bxc6 Bxc6 8. d5
Bd7 9. h3 c6 10. Bg5 h6 11. Be3 Be7 12. Qd3 O-O 13. O-O-O Qa5 14. Rdg1 b5 15.
dxc6 Bxc6 16. Kb1 b4 17. Ne2 Bb5 18. Qd1 Nxe4 19. g4 Bxe2 20. Qxe2 Qb5 21. Qxb5
axb5 22. g5 h5 23. Nd2 Nxd2+ 24. Bxd2 d5 25. Re1 e4 26. f3 Rad8 27. fxe4 dxe4
28. Rxe4 Rxd2 29. Rxe7 Rfd8 30. Kc1 Rg2 31. h4 Rc8 32. Kb1 Rcxc2 33. Rb7 Rxb2+
34. Kc1 Rxa2 0-1

[Event "DEM U10/U10w 2009"]
[Site "Willingen GER"]
[Date "2009.06.02"]
[Round "5"]
[White "Sieber, Fiona"]
[Black "Kasel, Mario"]
[Result "1-0"]
[Termination "normal"]
[Board "24"]
[WhiteElo "1082"]
[BlackElo "1234"]
[PlyCount "69"]
[WhiteFideId "12902373"]
[BlackFideId "24660957"]
[EventCountry "GER"]
[EventRounds "11"]
[EventType "swiss"]
[EventDate "2009.05.30"]

1. c4 e5 2. Nc3 Nf6 3. g3 Nc6 4. Bg2 Bc5 5. Nf3 O-O 6. O-O Re8 7. d3 d6 8. Rb1
a5 9. Bd2 Bf5 10. Qc2 Nb4 11. Qc1 Nxd3 12. exd3 Bxd3 13. Re1 Bxb1 14. Qxb1 Qd7
15. Ne4 Nxe4 16. Qxe4 c6 17. Ng5 g6 18. Qh4 f6 19. Ne4 Rf8 20. Bh6 Rf7 21. Nxc5
dxc5 22. f4 Re8 23. f5 g5 24. Qh5 Qd6 25. Rd1 Qe7 26. Bf3 e4 27. Be2 e3 28. h4
Qe5 29. Qg4 Qxb2 30. hxg5 Kh8 31. Qh5 Rfe7 32. Rd7 Qc1+ 33. Kg2 fxg5 34. f6 Rf8
35. Rxe7 1-0